Berjalan di atas air

Bibliographic Details
Main Author: M.Zaini Mahmud
Format: Book
Published: Selangor : Setiamas , 1997
Series:Siri teladan murni islam

MARC

LEADER 00000cam a2200000 7i4500
001 0000083134
005 20190318.0
008 190318
020 |a 9838035475 
090 0 0 |a REG   |b MAL 
100 1 |a M.Zaini Mahmud 
245 1 0 |a Berjalan di atas air   |c M.Zaini Mahmud 
260 |a Selangor :   |b Setiamas ,   |c 1997 
490 1 |a Siri teladan murni islam 
999 |a 0000741207   |b Book   |c Children Collection   |e Cawangan Pontian